Statistics for Biggest Cities Without Repeating Letters in the World

Click here to take the quiz!

General Stats

  • This quiz has been taken 63 times
    (16 since last reset)
  • The average score is 82 of 127

Answer Stats

CountryFirst LetterAnswer% Correct
AzerbaijanBBaku
100%
LebanonBBeirut
100%
GermanyBBerlin
100%
RomaniaBBucharest
100%
HungaryBBudapest
100%
EgyptCCairo
100%
IndiaDDelhi
100%
United Arab EmiratesDDubai
100%
IrelandDDublin
100%
MoroccoFFes
100%
VietnamHHanoi
100%
TurkeyIIstanbul
100%
IndiaJJaipur
100%
AfghanistanKKabul
100%
SudanKKhartoum
100%
UkraineKKiev
100%
NigeriaLLagos
100%
PakistanLLahore
100%
PeruLLima
100%
TogoLLome
100%
FranceLLyon
100%
MozambiqueMMaputo
100%
ItalyMMilan
100%
BelarusMMinsk
100%
CanadaMMontreal
100%
OmanMMuscat
100%
ItalyNNaples
100%
United StatesNNew York
100%
FrancePParis
100%
EcuadorQQuito
100%
ItalyRRome
100%
South KoreaSSeoul
100%
SingaporeSSingapore
100%
IranTTehran
100%
TunisiaTTunis
100%
ChinaWWuhan
100%
ChinaXXi'an
100%
AlgeriaAAlgiers
93%
BelgiumAAntwerp
93%
GreeceAAthens
93%
Central African RepublicBBangui
93%
South AfricaCCape Town
93%
ChinaCChengdu
93%
QatarDDoha
93%
South AfricaDDurban
93%
GermanyHHamburg
93%
NigeriaKKano
93%
PortugalLLisbon
93%
AustraliaPPerth
93%
ChinaXXiamen
93%
CameroonYYaounde
93%
SwitzerlandZZurich
93%
South KoreaBBusan
87%
GuineaCConakry
87%
SomaliaMMogadishu
87%
United StatesPPhoenix
87%
CzechiaPPrague
87%
IndiaPPune
87%
ChinaQQingdao
87%
GermanyMMunich
80%
NigerNNiamey
80%
ItalyTTurin
80%
United StatesAAustin
73%
IndoreIIndore
73%
PolandKKatowice
73%
ColombiaCCali
67%
ChinaHHarbin
67%
Saudi ArabiaMMedina
67%
United StatesPPortland
67%
IndiaBBhopal
60%
UkraineDDonetsk
60%
MexicoLLeon
60%
AlgeriaOOran
60%
MexicoPPuebla
60%
United StatesRRaleigh
60%
TurkeyBBursa
53%
South KoreaDDaegu
53%
IndonesiaMMedan
53%
IndiaNNagpur
53%
United StatesSSan Diego
53%
IndiaSSurat
53%
IndiaLLucknow
47%
IraqMMosul
47%
IranQQom
47%
IndiaKKanpur
40%
JapanSSendai
40%
IranSShiraz
40%
ChinaZZibo
40%
RussiaCChelyabinsk
33%
IndiaKKochi
33%
TurkeyKKonya
33%
GhanaKKumasi
33%
ChinaLLanzhou
33%
PakistanMMultan
33%
NigeriaOOnitsha
33%
IranTTabriz
33%
TaiwanTTaichung
33%
ThailandCChonburi
27%
IndiaJJodhpur
27%
BangladeshKKhulna
27%
MexicoMMerida
27%
IndiaRRajkot
27%
ChinaSShantou
27%
MexicoTToluca
27%
ChinaWWenzhou
27%
ChinaBBaoding
20%
ChinaDDaqing
20%
ChinaLLuoyang
20%
IndiaNNashik
20%
ChinaTTaizhou
20%
ChinaWWeifang
20%
ChinaYYangzhou
20%
ChinaBBaoji
13%
ChinaCChangde
13%
ChinaDDatong
13%
ChinaFFuyang
13%
ChinaGGanzhou
13%
ChinaHHaikou
13%
IndiaJJamshedpur
13%
ChinaJJingzhou
13%
ChinaRRizhao
13%
ChinaYYiwu
13%
ChinaZZunyi
13%
IndiaGGwalior
7%
IndiaKKota
7%
IndiaMMysore
7%
IndiaRRanchi
7%

Score Distribution

Percentile by Number Answered

Percent of People with Each Score

Your Score History

You have not taken this quiz since the last reset